000 00750nam a22001937a 4500
003 0
005 20250109115220.0
008 250109b xxu||||| |||| 00| 0 eng d
050 _aBF 637
_b.C37 2024
100 _aCastillo, Eliza Monique
245 _aResilience and decision making competence as correlates to early life stress of young adults who belong to broken homes
_cEliza Monique Castillo
260 _aLas Piñas City
_bSouthville International School and Colleges
_c2024
300 _axxxii, 727 pages ;
_c29cm.
504 _aIncludes bibliographical references and index.
650 _aResilience (Personality trait).
650 _aYoung adults — Psychology.
650 _aBroken homes — Psychological aspects.
942 _2lcc
_cTH
999 _c366951
_d366951